Gaming Quiz

Random Gaming Quiz

Ace Attorney Defendant by Profession Quiz Stats

 Plays Quiz not verified by Sporcle

Support Sporcle.
Go Orange.
Score 0/32 Timer 14:00
1 Play Today
Occupation Name % Correct
Spirit MediumMaya Fey
99.3%
Art Student of Ivy UniversityPhoenix Wright
99.3%
Defence AttorneyPhoenix Wright
99.3%
Artist & PainterLarry Butz
99%
ProsecutorMiles Edgeworth
98.3%
ActorWill Powers
96.6%
Former Baliff & Boat CaretakerYanni Yogi
95.6%
Chief ProsecutorLana Skye
94.2%
Police Officer Maggey Byrde
91.5%
MagicianMaximillion Galactica
91.1%
ActorMatt Engarde
90.4%
NunIris Hawthorne
90.4%
Former Defence Attorney & PianistPhoenix Wright
86.7%
MagicianTrucy Wright
86.7%
Former Security ChiefRon Delite
82.6%
Tutor & Death Row ConvictTerry Fawles
82.3%
Occupation Name % Correct
WaitressMaggey Byrde
80.9%
ProsecutorSimon Blackquill
80.5%
MagicianZak Gramarye
79.2%
Artist & ForgerVera Misham
78.8%
Defence AttorneyAthena Cykes
78.5%
GangsterWocky Kitaki
77.5%
Judge Course Student of Themis Legal AcadamyJuniper Woods
76.5%
PianistMachi Tobaye
71.3%
AstronautSolomon Starbuck
68.6%
Former Defence Attorney & Leader of the Defiant DragonsDhurke Sahdmadhi
68.6%
Mayor Damian Tenma
66.9%
Orca Orla Shipley
66.9%
Tourist Guide & MonkAhlbi Ur'gaid
66.6%
Head Chef of Whet NoodleBucky Whet
63.5%
Maid & Wife of Sorin Sprocket Ellen Wyatt
60.8%
Animal TrainerSasha Buckler
59%

You're not logged in!

Compare scores with friends on all Sporcle quizzes.
OR
Log In

From the Vault

Click the US Presidents by Picture (Random Order)

by El_Dandy

American history would be very different if the presidents were inaugurated in random order...

You Might Also Like...

Remove Ads.
Support Sporcle.
Get the best of Sporcle when you Go Orange. This ad-free experience offers more features, more stats, and more fun while also helping to support Sporcle. Thank you for becoming a member.

Show Comments

Extras

Top Quizzes Today


Score Distribution

Your Account Isn't Verified!

In order to create a playlist on Sporcle, you need to verify the email address you used during registration. Go to your Sporcle Settings to finish the process.

Report this User

Report this user for behavior that violates our Community Guidelines.

Details: